[Event "Qatar Masters Open 2015"]
[Site "Doha QAT"]
[Date "2015.12.20"]
[Round "1"]
[White "Harika, Dronavalli"]
[Black "Derakhshani, Dorsa"]
[Result "1-0"]
[WhiteElo "2513"]
[BlackElo "2307"]
[PlyCount "87"]
[EventDate "2015.12.20"]

1. Nf3 Nf6 2. b3 b6 3. Bb2 Bb7 4. e3 e6 5. d4 d5 6. c4 Bd6 7. Bd3 O-O 8. O-O
Qe7 9. Nc3 Ba3 10. Bxa3 Qxa3 11. Rc1 a6 12. Ne5 Nbd7 13. Nxd7 Nxd7 14. cxd5
exd5 15. Qc2 Qd6 16. Bxh7+ Kh8 17. Bd3 g6 18. e4 dxe4 19. Bxe4 Bxe4 20. Nxe4
Qf4 21. Qxc7 Qxe4 22. Qxd7 Rad8 23. Qa7 Qxd4 24. Qxa6 Ra8 25. Qe2 Rfe8 26. Qf3
Ra7 27. a4 Rae7 28. Rc4 Qb2 29. Qc3+ Qxc3 30. Rxc3 Re2 31. g3 Rb2 32. Rd1 Re7
33. Kg2 Kg7 34. Rd6 Rb7 35. Rf3 Re2 36. Rf4 Re8 37. h4 Reb8 38. Rc6 Re7 39. Rb4
Reb7 40. Rb5 Kf8 41. Rc4 Rd8 42. a5 Rd6 43. Re4 Kg7 44. g4 1-0

[Event "Qatar Masters Open 2015"]
[Site "Doha QAT"]
[Date "2015.12.21"]
[Round "2"]
[White "Hou, Yifan"]
[Black "Harika, Dronavalli"]
[Result "1/2-1/2"]
[WhiteElo "2683"]
[BlackElo "2513"]
[PlyCount "49"]
[EventDate "2015.12.20"]

1. g3 d5 2. Nf3 Nf6 3. Bg2 g6 4. c4 Bg7 5. cxd5 Nxd5 6. h4 Nc6 7. Nc3 Bf5 8.
Qb3 Nb6 9. d3 a5 10. a4 h6 11. Bd2 Nb4 12. O-O O-O 13. Rfc1 Rc8 14. Qd1 c5 15.
b3 Nd7 16. Rab1 b6 17. Nb5 Na2 18. Rc2 Nb4 19. Rcc1 Na2 20. Rc4 Be6 21. Rc2 Nb4
22. Rcc1 Na2 23. Rc2 Nb4 24. Rcc1 Na2 25. Rc2 1/2-1/2

[Event "Qatar Masters Open 2015"]
[Site "Doha QAT"]
[Date "2015.12.21"]
[Round "2"]
[White "Seyb, Alexander"]
[Black "Dzagnidze, Nana"]
[Result "1-0"]
[WhiteElo "2425"]
[BlackElo "2559"]
[PlyCount "57"]
[EventDate "2015.12.20"]

1. e4 c5 2. Nf3 Nc6 3. d4 cxd4 4. Nxd4 g6 5. c4 Nf6 6. Nc3 d6 7. Be2 Bg7 8. Be3
O-O 9. O-O Be6 10. Nxe6 fxe6 11. Rc1 b6 12. f4 Rc8 13. g4 Nd7 14. g5 e5 15. f5
Nd4 16. Bd3 Rf7 17. Qg4 Nc5 18. Bb1 Qd7 19. Rf2 Rcf8 20. Rcf1 a5 21. h4 Kh8 22.
h5 gxf5 23. exf5 e4 24. Nxe4 Rxf5 25. Nxc5 Rxf2 26. Nxd7 Ne2+ 27. Qxe2 Rxe2 28.
Nxf8 Rxe3 29. Nxh7 1-0

[Event "Qatar Masters Open 2015"]
[Site "Doha QAT"]
[Date "2015.12.21"]
[Round "2"]
[White "Mohammad, Nubairshah Shaikh"]
[Black "Khotenashvili, Bela"]
[Result "1-0"]
[WhiteElo "2414"]
[BlackElo "2496"]
[PlyCount "199"]
[EventDate "2015.12.20"]

1. d4 Nf6 2. c4 g6 3. Nc3 d5 4. Bf4 Bg7 5. e3 c5 6. dxc5 Qa5 7. Qa4+ Qxa4 8.
Nxa4 Bd7 9. Nc3 Ne4 10. Nxd5 Na6 11. f3 Nexc5 12. O-O-O e6 13. Nc3 Bxc3 14.
bxc3 f6 15. g4 O-O-O 16. Nh3 e5 17. Bg3 Bc6 18. Be2 e4 19. Rhf1 exf3 20. Bxf3
Bxf3 21. Rxf3 Rxd1+ 22. Kxd1 Rd8+ 23. Kc2 Ne4 24. Nf2 Nac5 25. Nxe4 Nxe4 26.
Rf4 Re8 27. Kd3 Nc5+ 28. Ke2 Re6 29. g5 Ne4 30. gxf6 Nxf6 31. Bh4 Nd7 32. Rf7
Ra6 33. Bg3 Rxa2+ 34. Kf3 a5 35. c5 Ra1 36. Rxh7 Rf1+ 37. Ke2 Rf6 38. Rh8+ Rf8
39. Rh4 Rf6 40. Ra4 Ra6 41. Bd6 Nf6 42. Kd3 Kd7 43. Be5 Nd5 44. e4 Ne7 45. Ra1
Nc6 46. Bd4 a4 47. Ra3 Ke6 48. Kc2 Ra8 49. Kb2 Ne5 50. Ra1 Nc4+ 51. Ka2 Nd2 52.
Re1 a3 53. Re2 Nc4 54. Rf2 Ke7 55. Rf1 Ra6 56. Rb1 Nb2 57. c4 Nxc4 58. Rxb7+
Kd8 59. Rb4 Nd2 60. Be3 Nf3 61. Bf4 g5 62. Bg3 Kd7 63. Rb3 g4 64. Rxa3 Rh6 65.
Ra7+ Kc8 66. Rg7 Nxh2 67. Bf4 Rf6 68. Bxh2 Rf2+ 69. Kb3 Rxh2 70. Rxg4 Kc7 71.
Kc4 Rc2+ 72. Kd4 Rd2+ 73. Kc3 Rd1 74. Rg6 Rc1+ 75. Kd4 Rd1+ 76. Ke5 Rc1 77. c6
Re1 78. Rh6 Rc1 79. Re6 Rf1 80. Rf6 Re1 81. Kf5 Rf1+ 82. Kg6 Rg1+ 83. Kf7 Re1
84. Re6 Rf1+ 85. Ke7 Rf4 86. e5 Rf5 87. Ke8 Rh5 88. Kf7 Rh7+ 89. Kg6 Rh1 90.
Rf6 Re1 91. e6 Kxc6 92. Kf7 Kd6 93. Rf2 Re3 94. Rd2+ Kc7 95. e7 Rf3+ 96. Ke8
Rf1 97. Rd7+ Kc8 98. Rd4 Kc7 99. Rc4+ Kb7 100. Kd7 1-0

[Event "Qatar Masters Open 2015"]
[Site "Doha QAT"]
[Date "2015.12.21"]
[Round "2"]
[White "Siva, Mahadevan"]
[Black "Goryachkina, Aleksandra"]
[Result "0-1"]
[WhiteElo "2400"]
[BlackElo "2493"]
[PlyCount "136"]
[EventDate "2015.12.20"]

1. d4 d5 2. c4 c6 3. Nf3 Nf6 4. e3 Bf5 5. Nc3 e6 6. Nh4 Be4 7. f3 Bg6 8. Qb3
Qc7 9. Bd2 Be7 10. Nxg6 hxg6 11. g3 a6 12. Rc1 dxc4 13. Bxc4 c5 14. dxc5 Nc6
15. Be2 Rd8 16. Qc2 Qe5 17. Nd1 g5 18. Nf2 Qd5 19. b4 g4 20. e4 Qd4 21. Qc3
gxf3 22. Bxf3 Nd7 23. Qxd4 Nxd4 24. Bg2 Ne5 25. Be3 g5 26. h3 O-O 27. a3 a5 28.
bxa5 Rd7 29. a6 bxa6 30. Bxd4 Rxd4 31. Ke2 Rc8 32. Rhd1 Ra4 33. Nd3 Nxd3 34.
Rxd3 Rxc5 35. Rxc5 Bxc5 36. Bf3 Bxa3 37. Bh5 Be7 38. Kf3 Kf8 39. Rc3 Bd6 40.
Rd3 Ra3 41. Rxa3 Bxa3 42. e5 a5 43. Ke4 Bb4 44. Bd1 Be1 45. g4 Ke7 46. Ba4 Bf2
47. Bb5 f6 48. exf6+ Kxf6 49. Ba4 Ke7 50. Kd3 Kd6 51. Kc4 Bg1 52. Bb3 Be3 53.
Ba4 Bf4 54. Bb3 e5 55. Bc2 Bc1 56. Be4 a4 57. Bb1 a3 58. Kd3 Kc5 59. Ba2 Kb4
60. Bd5 Bf4 61. Bg8 Bg3 62. Kc2 e4 63. Kd2 e3+ 64. Kxe3 Kc3 65. Kf3 Bh4 66. Ke4
Kb2 67. Kd4 a2 68. Bxa2 Kxa2 0-1

[Event "Qatar Masters Open 2015"]
[Site "Doha QAT"]
[Date "2015.12.22"]
[Round "3"]
[White "Harika, Dronavalli"]
[Black "Ni, Hua"]
[Result "0-1"]
[WhiteElo "2513"]
[BlackElo "2693"]
[PlyCount "124"]
[EventDate "2015.12.20"]

1. d4 Nf6 2. c4 e6 3. g3 d5 4. Nf3 Bb4+ 5. Bd2 Be7 6. Bg2 O-O 7. O-O c6 8. Qc2
Nbd7 9. Bf4 b6 10. Rd1 Bb7 11. Ne5 Nh5 12. Bc1 Nhf6 13. Bf4 Nh5 14. Bc1 Nhf6
15. Bf4 Rc8 16. Nc3 Nxe5 17. dxe5 Nd7 18. cxd5 cxd5 19. e4 d4 20. Rxd4 Bc5 21.
Rd3 Bc6 22. a3 a5 23. b4 axb4 24. axb4 Bxb4 25. Qb2 Bc5 26. Nb5 Ra8 27. Rad1
Ra5 28. Nd4 Ba4 29. Nb3 Rb5 30. Qa2 Bxb3 31. Rxb3 Rxb3 32. Qxb3 Qc7 33. Qb2 Ra8
34. h4 Nf8 35. h5 Rd8 36. Rc1 Qe7 37. Qb3 Ra8 38. Be3 h6 39. Bf1 Bxe3 40. Qxe3
Nd7 41. Rb1 Qd8 42. Qd4 Qc7 43. Qd6 Qa7 44. Rb5 Rc8 45. Rb1 Rc2 46. Rd1 b5 47.
Qd4 Qxd4 48. Rxd4 Nxe5 49. Rd8+ Kh7 50. Bxb5 Rb2 51. Be8 g5 52. f4 Nf3+ 53. Kf1
e5 54. Rd7 exf4 55. gxf4 g4 56. Bxf7 g3 57. Be6+ Kh8 58. Rd8+ Kh7 59. Rd7+ Kh8
60. Rd8+ Kg7 61. Rg8+ Kf6 62. Bd5 Rf2# 0-1

[Event "Qatar Masters Open 2015"]
[Site "Doha QAT"]
[Date "2015.12.22"]
[Round "3"]
[White "Gagare, Shardul"]
[Black "Hou, Yifan"]
[Result "1/2-1/2"]
[WhiteElo "2470"]
[BlackElo "2683"]
[PlyCount "93"]
[EventDate "2015.12.20"]

1. d4 e6 2. c4 b6 3. Nf3 Bb7 4. g3 Bb4+ 5. Bd2 Bxf3 6. exf3 Bxd2+ 7. Qxd2 d5 8.
Nc3 c6 9. cxd5 cxd5 10. Bb5+ Kf8 11. O-O Ne7 12. Ne2 a6 13. Bd3 Nbc6 14. Rac1
Qd6 15. Rc3 h5 16. h4 g6 17. Rfc1 Kg7 18. a3 Rhc8 19. Kg2 a5 20. Qg5 Rh8 21.
Bb5 Rac8 22. Ba6 Rb8 23. Bb5 f6 24. Qf4 Qxf4 25. gxf4 Nd8 26. Rc7 Kf8 27. Rd7
Rh7 28. f5 Rf7 29. fxg6 Nxg6 30. Rcc7 Nxh4+ 31. Kh3 Nxf3 32. Kg3 Ng5 33. Nf4
h4+ 34. Kxh4 Nf3+ 35. Kh5 Nxd4 36. Kg6 Rxd7 37. Rxd7 Nxb5 38. Kxf6 Nc6 39.
Nxe6+ Ke8 40. Rxd5 Rb7 41. Rxb5 Rf7+ 42. Kg5 Rxf2 43. Rxb6 Ne5 44. b3 Kd7 45.
Nc5+ Kc7 46. Re6 Nc6 47. Re3 1/2-1/2

[Event "Qatar Masters Open 2015"]
[Site "Doha QAT"]
[Date "2015.12.22"]
[Round "3"]
[White "Adhiban, Baskaran"]
[Black "Kosteniuk, Alexandra"]
[Result "0-1"]
[WhiteElo "2669"]
[BlackElo "2542"]
[PlyCount "90"]
[EventDate "2015.12.20"]

1. d4 Nf6 2. c4 e6 3. Nf3 b6 4. g3 Bb7 5. Bg2 Be7 6. O-O O-O 7. Re1 d5 8. cxd5
exd5 9. Nc3 Na6 10. Bf4 c5 11. Rc1 Ne4 12. dxc5 Naxc5 13. Nd4 Nxc3 14. Rxc3 Bf6
15. Rc2 Qd7 16. Be3 Rfe8 17. Qc1 Rac8 18. Rd1 h6 19. h4 Ne4 20. Rxc8 Rxc8 21.
Qb1 Ba6 22. Kh2 Qe8 23. Bf3 Be5 24. Nf5 Nf6 25. Bd4 Bxd4 26. Nxd4 Qe5 27. Kg2
Ne4 28. e3 Rc5 29. Qa1 Qf6 30. a4 Bc8 31. b4 Rc4 32. Rc1 Qe5 33. Be2 Rxc1 34.
Qxc1 Bd7 35. Bb5 Bg4 36. Qc6 Kh7 37. Bd3 g6 38. Qb7 Kg7 39. Qxa7 Bh3+ 40. Kg1
Nxg3 41. Nc6 Qa1+ 42. Kh2 Qh1+ 43. Kxg3 g5 44. hxg5 Qg2+ 45. Kf4 Qxg5+ 0-1

[Event "Qatar Masters Open 2015"]
[Site "Doha QAT"]
[Date "2015.12.22"]
[Round "3"]
[White "Dzagnidze, Nana"]
[Black "Nezad, Husein Aziz"]
[Result "1/2-1/2"]
[WhiteElo "2559"]
[BlackElo "2425"]
[PlyCount "112"]
[EventDate "2015.12.20"]

1. c4 Nf6 2. Nf3 g6 3. b4 Bg7 4. Bb2 O-O 5. g3 d6 6. Bg2 a5 7. b5 e5 8. O-O
Nbd7 9. Nc3 Nc5 10. d3 a4 11. Rb1 a3 12. Bc1 e4 13. Ne1 exd3 14. Nxd3 Bf5 15.
Nxc5 dxc5 16. Rb3 Qc8 17. Bxa3 Rd8 18. Qc1 Rd4 19. Nd5 Nxd5 20. Bxd5 c6 21.
bxc6 bxc6 22. e3 cxd5 23. exd4 Bxd4 24. cxd5 Be4 25. g4 Bxd5 26. Rg3 Bb7 27. h3
Qc6 28. Kh2 Be5 29. f4 Bd4 30. Qd2 Re8 31. Bc1 Qa6 32. Rd3 Qc4 33. Kg3 Ra8 34.
a3 Be4 35. Rxd4 cxd4 36. Re1 Qb3+ 37. Kh4 Qd5 38. Bb2 Rd8 39. Rd1 Qb3 40. Re1
Qf3 41. Bxd4 f5 42. Qe3 fxg4 43. hxg4 h5 44. Qxf3 Bxf3 45. Bf6 Rd1 46. Rxd1
Bxd1 47. f5 gxf5 48. gxf5 Bc2 49. Kg5 h4 50. Be5 Kf7 51. Bd6 h3 52. Be5 Ba4 53.
Bg3 Bd7 54. Be5 Bc6 55. Kh4 h2 56. Bxh2 Kf6 1/2-1/2

[Event "Qatar Masters Open 2015"]
[Site "Doha QAT"]
[Date "2015.12.22"]
[Round "3"]
[White "Gholami, Aryan"]
[Black "Khotenashvili, Bela"]
[Result "1/2-1/2"]
[WhiteElo "2422"]
[BlackElo "2496"]
[PlyCount "99"]
[EventDate "2015.12.20"]

1. e4 e5 2. Nf3 Nc6 3. Bc4 Nf6 4. Ng5 d5 5. exd5 Na5 6. Bb5+ c6 7. dxc6 bxc6 8.
Bd3 Nd5 9. Nf3 Bd6 10. O-O O-O 11. Re1 Bg4 12. h3 Bxf3 13. Qxf3 f5 14. Bxf5 Qe7
15. Qe4 g6 16. Bxg6 hxg6 17. Qxg6+ Qg7 18. Qxg7+ Kxg7 19. d3 Rab8 20. f3 c5 21.
Na3 Bc7 22. Re2 Nf4 23. Bxf4 exf4 24. c3 Rfe8 25. Rae1 Rxe2 26. Rxe2 Kf7 27.
Kf2 Rd8 28. Rd2 Be5 29. Ke2 Bf6 30. Kd1 Kg6 31. Kc2 Re8 32. Nb5 Bh4 33. Nd6 Re3
34. Ne4 Be1 35. Rd1 Re2+ 36. Kb1 Nb7 37. d4 cxd4 38. Rxd4 Rxg2 39. Rd7 Na5 40.
b3 Bf2 41. Rd6+ Kg7 42. Rd7+ Kg6 43. Nxf2 Rxf2 44. Rxa7 Nxb3 45. axb3 Rxf3 46.
Kc2 Rxh3 47. Ra8 Kf5 48. b4 f3 49. Rf8+ Ke4 50. Re8+ 1/2-1/2

[Event "Qatar Masters Open 2015"]
[Site "Doha QAT"]
[Date "2015.12.22"]
[Round "3"]
[White "Haria, Ravi"]
[Black "Batsiashvili, Nino"]
[Result "1/2-1/2"]
[WhiteElo "2416"]
[BlackElo "2498"]
[PlyCount "114"]
[EventDate "2015.12.20"]

1. Nf3 d5 2. g3 c5 3. Bg2 Nf6 4. O-O Nc6 5. d4 e6 6. c4 Be7 7. cxd5 exd5 8. Nc3
O-O 9. Bg5 c4 10. Ne5 Be6 11. b3 h6 12. Bxf6 Bxf6 13. Nxc6 bxc6 14. bxc4 dxc4
15. e3 Qa5 16. Rc1 Rac8 17. Qa4 Qxa4 18. Nxa4 Be7 19. Rfd1 Rfd8 20. Rb1 Rc7 21.
Nc3 Bf5 22. Be4 Bxe4 23. Nxe4 c5 24. d5 Rcd7 25. Rdc1 Rxd5 26. Rxc4 Rd1+ 27.
Rxd1 Rxd1+ 28. Kg2 Rd7 29. Rc2 f5 30. Nd2 Kf7 31. Kf3 Ke6 32. Ke2 Rb7 33. Kd3
Rb4 34. f3 g5 35. Rc4 Rb7 36. g4 Rd7+ 37. Ke2 fxg4 38. fxg4 Kd5 39. Ra4 Bd8 40.
e4+ Kc6 41. Rc4 Be7 42. a4 Rb7 43. Kd3 Bf6 44. Rc1 Rb4 45. Rc4 Rb8 46. Rc1 Be5
47. Nc4 Bf4 48. Rd1 Rb4 49. Kc3 Rxa4 50. e5 Ra2 51. Rd6+ Kc7 52. Rd5 Kc6 53.
Rd6+ Kb7 54. Rxh6 Rxh2 55. Rxh2 Bxh2 56. Kd3 Kc6 57. Ke4 Kd7 1/2-1/2

[Event "Qatar Masters Open 2015"]
[Site "Doha QAT"]
[Date "2015.12.23"]
[Round "4"]
[White "Kosteniuk, Alexandra"]
[Black "Matlakov, Maxim"]
[Result "0-1"]
[WhiteElo "2542"]
[BlackElo "2684"]
[PlyCount "96"]
[EventDate "2015.12.20"]

1. e4 e5 2. Nf3 Nc6 3. Bb5 a6 4. Ba4 Nf6 5. O-O Be7 6. Re1 b5 7. Bb3 d6 8. c3
O-O 9. h3 Re8 10. d4 Bb7 11. Nbd2 Bf8 12. d5 Nb8 13. Nf1 Nbd7 14. Ng3 Nc5 15.
Bc2 c6 16. b4 Ncd7 17. dxc6 Bxc6 18. Bb3 h6 19. Nh4 a5 20. a3 a4 21. Ba2 Nb6
22. Ng6 d5 23. Nxf8 Kxf8 24. Be3 Nc4 25. Bxc4 bxc4 26. b5 Bxb5 27. Qb1 Bc6 28.
Rd1 Kg8 29. Qc1 Re6 30. Rb1 Qf8 31. Rb4 Nxe4 32. Nxe4 dxe4 33. Rxc4 f5 34. Bc5
Qf7 35. Rb4 Rg6 36. Qb2 e3 37. g3 f4 38. Rb8+ Kh7 39. Rdd8 Rxb8 40. Qxb8 Rf6
41. Rh8+ Kg6 42. Qb1+ e4 43. gxf4 exf2+ 44. Bxf2 Rxf4 45. Qd1 Qe6 46. Qd2 Rf3
47. Rd8 e3 48. Bxe3 Rg3+ 0-1

[Event "Qatar Masters Open 2015"]
[Site "Doha QAT"]
[Date "2015.12.23"]
[Round "4"]
[White "Hou, Yifan"]
[Black "Esen, Baris"]
[Result "1-0"]
[WhiteElo "2683"]
[BlackElo "2562"]
[PlyCount "87"]
[EventDate "2015.12.20"]

1. e4 c5 2. Nf3 d6 3. d4 cxd4 4. Nxd4 Nf6 5. Nc3 a6 6. h3 e6 7. g4 Nfd7 8. g5
b5 9. a3 Bb7 10. Be3 Nc6 11. h4 Be7 12. Qd2 O-O 13. O-O-O Rc8 14. Kb1 Nde5 15.
Nxc6 Nxc6 16. h5 b4 17. axb4 Nxb4 18. h6 gxh6 19. Rxh6 Qa5 20. Bd3 Rc7 21. Rdh1
Rfc8 22. Bb6 Qxb6 23. Rxh7 Nxd3 24. Qxd3 Rxc3 25. Rh8+ Kg7 26. R8h7+ Kg8 27.
Rh8+ Kg7 28. R1h7+ Kg6 29. Qd1 Bxe4 30. Qh5+ Kf5 31. g6+ Bg5 32. Rxf7+ Ke5 33.
Qxg5+ Bf5 34. f4+ Ke4 35. Qg2+ Kxf4 36. Rh4+ Ke5 37. Qh2+ Kd5 38. Qd2+ Bd3 39.
Qg2+ Ke5 40. Qg3+ Kd5 41. Qf3+ Kc5 42. cxd3 Qb5 43. Qe3+ Kc6 44. Qe4+ 1-0

[Event "Qatar Masters Open 2015"]
[Site "Doha QAT"]
[Date "2015.12.23"]
[Round "4"]
[White "Firouzja, Alireza"]
[Black "Harika, Dronavalli"]
[Result "1/2-1/2"]
[WhiteElo "2372"]
[BlackElo "2513"]
[PlyCount "68"]
[EventDate "2015.12.20"]

1. Nf3 Nf6 2. g3 g6 3. b3 Bg7 4. Bb2 b6 5. Bg2 Bb7 6. c4 c5 7. O-O O-O 8. Nc3
e6 9. d4 Na6 10. e3 Qe7 11. Qe2 d5 12. cxd5 exd5 13. Rfd1 Rfd8 14. Rac1 Ne4 15.
dxc5 bxc5 16. Na4 Bxb2 17. Qxb2 Re8 18. a3 Rad8 19. b4 cxb4 20. axb4 Nxb4 21.
Nc5 a5 22. Nxb7 Qxb7 23. Ne5 Qe7 24. Ng4 h5 25. Bxe4 hxg4 26. Bg2 Rc8 27. Qa3
Rxc1 28. Rxc1 Qd8 29. h3 gxh3 30. Bxh3 Qb6 31. Qa4 Rd8 32. Ra1 Ra8 33. Qd7 Rd8
34. Qe7 Qd6 1/2-1/2

[Event "Qatar Masters Open 2015"]
[Site "Doha QAT"]
[Date "2015.12.23"]
[Round "4"]
[White "Roy, Prantik"]
[Black "Goryachkina, Aleksandra"]
[Result "1/2-1/2"]
[WhiteElo "2370"]
[BlackElo "2493"]
[PlyCount "60"]
[EventDate "2015.12.20"]

1. Nf3 d5 2. c4 e6 3. g3 dxc4 4. Qa4+ Bd7 5. Qxc4 c5 6. Ne5 Nc6 7. Nxd7 Qxd7 8.
Bg2 Rc8 9. O-O Nf6 10. Nc3 Be7 11. Qa4 O-O 12. d3 Rfd8 13. Be3 h6 14. Rac1 b6
15. Rfe1 Nd4 16. Qxd7 Rxd7 17. Bxd4 Rxd4 18. a3 Rd7 19. Rc2 Rcd8 20. Bc6 Rc7
21. Bf3 Rcd7 22. Rec1 g6 23. Kg2 h5 24. h4 Kg7 25. Bc6 Rc7 26. Bf3 Rcd7 27. Bc6
Rc7 28. Bf3 Rcd7 29. Bc6 Rc7 30. Bf3 Rcd7 1/2-1/2

[Event "Qatar Masters Open 2015"]
[Site "Doha QAT"]
[Date "2015.12.23"]
[Round "4"]
[White "Batsiashvili, Nino"]
[Black "Rohan, Ahuja"]
[Result "0-1"]
[WhiteElo "2498"]
[BlackElo "2426"]
[PlyCount "78"]
[EventDate "2015.12.20"]

1. d4 Nf6 2. c4 g6 3. Nc3 d5 4. cxd5 Nxd5 5. e4 Nxc3 6. bxc3 Bg7 7. Bc4 c5 8.
Ne2 Nc6 9. Be3 O-O 10. O-O Qc7 11. Rc1 b6 12. Qd2 Bb7 13. Bh6 Rad8 14. Bxg7
Kxg7 15. Qe3 e5 16. d5 Na5 17. Bd3 c4 18. Bc2 Bc8 19. f4 f6 20. Rf2 Nb7 21.
Rcf1 Qe7 22. Ng3 Nd6 23. h4 Rde8 24. f5 gxf5 25. exf5 Bb7 26. Rd1 Qf7 27. Ne4
Rd8 28. g4 Ne8 29. g5 Rxd5 30. Rdf1 Qh5 31. Qh3 fxg5 32. f6+ Kh8 33. Qf5 Nd6
34. Nxd6 Rxd6 35. f7 Rg6 36. Qd7 gxh4+ 37. Kh2 Qg5 38. Qxb7 Qg3+ 39. Kh1 Qh3+
0-1

[Event "Qatar Masters Open 2015"]
[Site "Doha QAT"]
[Date "2015.12.23"]
[Round "4"]
[White "Carlsson, Pontus"]
[Black "Dzagnidze, Nana"]
[Result "1/2-1/2"]
[WhiteElo "2433"]
[BlackElo "2559"]
[PlyCount "88"]
[EventDate "2015.12.20"]

1. e4 e6 2. d4 d5 3. Nd2 Nf6 4. e5 Nfd7 5. Bd3 c5 6. c3 Nc6 7. Ne2 cxd4 8. cxd4
f6 9. Nf4 Nxd4 10. Qh5+ Ke7 11. exf6+ Nxf6 12. Ng6+ hxg6 13. Qxh8 Kf7 14. O-O
e5 15. Nb3 Ne6 16. Qh4 Bd6 17. f3 Nc5 18. Nxc5 Bxc5+ 19. Kh1 Bf5 20. Bxf5 gxf5
21. Bg5 Qh8 22. Bxf6 gxf6 23. Qa4 Rd8 24. Qc2 Be3 25. Qxf5 Bf4 26. h3 Qg7 27.
Rac1 Bxc1 28. Rxc1 Kg8 29. Rc8 Rxc8 30. Qxc8+ Kh7 31. f4 d4 32. fxe5 fxe5 33.
Qf5+ Kh6 34. g4 Qe7 35. Kg2 e4 36. h4 e3 37. Kf3 Kg7 38. h5 e2 39. Qg6+ Kf8 40.
Qf5+ Kg7 41. Qg6+ Kf8 42. Qh6+ Kg8 43. Qg6+ Kf8 44. Qh6+ Kg8 1/2-1/2

[Event "Qatar Masters Open 2015"]
[Site "Doha QAT"]
[Date "2015.12.23"]
[Round "4"]
[White "Khotenashvili, Bela"]
[Black "Slavin, Alexey"]
[Result "1-0"]
[WhiteElo "2496"]
[BlackElo "2388"]
[PlyCount "115"]
[EventDate "2015.12.20"]

1. d4 Nf6 2. Nf3 e6 3. Bf4 c5 4. e3 cxd4 5. exd4 b6 6. Nbd2 Be7 7. c3 O-O 8.
Bd3 Bb7 9. Qe2 d6 10. h3 Re8 11. O-O-O Nc6 12. Ne4 Na5 13. Nxf6+ Bxf6 14. h4
Bxf3 15. Qxf3 d5 16. g4 e5 17. dxe5 Bxe5 18. Be3 Qd6 19. Kb1 Rab8 20. Rhe1 Re7
21. Bc2 Rd7 22. Bf5 Rdd8 23. Bg5 f6 24. Bc1 b5 25. Rxd5 Qxd5 26. Qxd5+ Rxd5 27.
Be6+ Kf8 28. Bxd5 Rd8 29. Be4 g6 30. f4 Bc7 31. b3 Re8 32. Re2 Nc6 33. Bf3 Rxe2
34. Bxe2 a6 35. Kc2 Bd6 36. Bf3 Nd8 37. b4 f5 38. gxf5 gxf5 39. Bd5 Kg7 40. Kd3
Kg6 41. Bf3 Ne6 42. Bb7 Bxf4 43. Bxf4 Nxf4+ 44. Ke3 Ne6 45. Bxa6 Nc7 46. Bb7
Kf6 47. Kd3 Ke5 48. c4 bxc4+ 49. Kxc4 Ne8 50. Bc6 Nd6+ 51. Kd3 f4 52. a4 Ke6
53. a5 Nf7 54. Ke4 f3 55. Bd5+ Kd6 56. Bxf7 f2 57. Bc4 f1=Q 58. Bxf1 1-0

[Event "Qatar Masters Open 2015"]
[Site "Doha QAT"]
[Date "2015.12.24"]
[Round "5"]
[White "Sjugirov, Sanan"]
[Black "Hou, Yifan"]
[Result "1/2-1/2"]
[WhiteElo "2646"]
[BlackElo "2683"]
[PlyCount "113"]
[EventDate "2015.12.20"]

1. Nf3 c5 2. c4 Nc6 3. d4 cxd4 4. Nxd4 Nf6 5. Nc3 e6 6. e4 Bb4 7. Nxc6 bxc6 8.
Bd3 e5 9. O-O Bc5 10. Qe2 d6 11. Be3 Bxe3 12. Qxe3 Qb6 13. Qd2 O-O 14. Be2 Rd8
15. b3 Be6 16. Bf3 h6 17. Rad1 a5 18. Rfe1 Qb4 19. Re3 Ne8 20. Rd3 Rdb8 21. Rc1
Ra7 22. h3 Rd7 23. Qe3 Nc7 24. c5 Qxc5 25. Qxc5 dxc5 26. Rxd7 Bxd7 27. Na4 Ne6
28. Be2 Kf8 29. Nxc5 Ke7 30. Na4 f6 31. Kf1 Kd6 32. Bg4 Nd4 33. Bxd7 Kxd7 34.
f3 h5 35. h4 Kc7 36. Kf2 Rd8 37. Ke3 Ne6 38. g3 g6 39. Nb2 Kb6 40. Nd3 Kc7 41.
f4 exf4+ 42. gxf4 Re8 43. Rg1 Ng7 44. Kf3 Ne6 45. e5 Rd8 46. Ke3 f5 47. Nf2 Nf8
48. Rd1 Rxd1 49. Nxd1 c5 50. Nb2 Kc6 51. a4 Kb6 52. Nc4+ Ka6 53. Nd6 Kb6 54.
Nf7 Ne6 55. Nh8 Nf8 56. Kd3 Kc7 57. Kc3 1/2-1/2

[Event "Qatar Masters Open 2015"]
[Site "Doha QAT"]
[Date "2015.12.24"]
[Round "5"]
[White "Goryachkina, Aleksandra"]
[Black "Lenderman, Aleksandr"]
[Result "0-1"]
[WhiteElo "2493"]
[BlackElo "2626"]
[PlyCount "142"]
[EventDate "2015.12.20"]

1. d4 Nc6 2. Bf4 d6 3. e3 g6 4. Nf3 Bg7 5. c3 Nf6 6. h3 O-O 7. Be2 Qe8 8. O-O
e5 9. Bh2 Qe7 10. dxe5 dxe5 11. Nbd2 Rd8 12. Qc2 Ne8 13. a4 a5 14. Rad1 Nd6 15.
Nc4 Bf5 16. Qc1 Be6 17. Nfd2 Nxc4 18. Nxc4 f6 19. e4 Qf7 20. b3 b6 21. Kh1 Bf8
22. Qc2 Bh6 23. f3 Bf4 24. g3 Bh6 25. Kg2 Rd7 26. h4 Rad8 27. Rxd7 Rxd7 28. Rd1
Nb8 29. Bg1 Rxd1 30. Qxd1 Nd7 31. Bf2 Bf8 32. Nd2 Nc5 33. Bc4 Bxc4 34. Nxc4
Nxa4 35. Nxe5 Nxc3 36. Qc2 fxe5 37. Qxc3 Bd6 38. Qd3 Qe6 39. Be3 Kf7 40. g4 h5
41. Kg3 Kg7 42. Bf2 Bb4 43. g5 Bd6 44. Kg2 Kf7 45. Qb5 Ke7 46. Kg3 Bb4 47. Qd3
Qc6 48. Qa6 Kd7 49. Qd3+ Kc8 50. Qa6+ Kb8 51. Qd3 Kb7 52. Qd8 Qd6 53. Qe8 Bd2
54. Kg2 Bf4 55. Qb5 Qd2 56. Kf1 Qc2 57. Qd5+ Qc6 58. Qf7 Ka6 59. Kg2 Kb5 60.
Qe7 Qd6 61. Qf7 Kb4 62. Qc4+ Ka3 63. Kg1 Kb2 64. Kg2 Qd2 65. Qxc7 b5 66. Qc5
Qe2 67. Kg1 Qd1+ 68. Kg2 Qe2 69. Kg1 Kxb3 70. Qd5+ Qc4 71. Qd6 a4 0-1

[Event "Qatar Masters Open 2015"]
[Site "Doha QAT"]
[Date "2015.12.24"]
[Round "5"]
[White "Dzagnidze, Nana"]
[Black "Goriatchkin, Jouri"]
[Result "1-0"]
[WhiteElo "2559"]
[BlackElo "2318"]
[PlyCount "75"]
[EventDate "2015.12.20"]

1. c4 e6 2. Nf3 d5 3. b3 Nf6 4. Bb2 Be7 5. g3 O-O 6. Bg2 Nbd7 7. O-O b6 8. cxd5
exd5 9. Nd4 Bb7 10. Nf5 Re8 11. Nxe7+ Qxe7 12. Nc3 Ne4 13. Nb5 Ndf6 14. d3 Nd6
15. Bxf6 gxf6 16. Nc3 d4 17. Bxb7 Nxb7 18. Nd5 Qe5 19. e4 dxe3 20. Nxe3 Nd6 21.
d4 Qe4 22. Rc1 Rad8 23. d5 Re7 24. Qh5 Qg6 25. Qf3 Ne4 26. Rfd1 Ng5 27. Qg2 f5
28. Rd4 c5 29. Rf4 Re5 30. g4 fxg4 31. Nxg4 Re2 32. h4 f5 33. Rxf5 Nf7 34. Nh6+
Kg7 35. Nxf7 Qxg2+ 36. Kxg2 Rf8 37. Kf3 Rd2 38. Rg1# 1-0

[Event "Qatar Masters Open 2015"]
[Site "Doha QAT"]
[Date "2015.12.24"]
[Round "5"]
[White "Nezad, Husein Aziz"]
[Black "Batsiashvili, Nino"]
[Result "1-0"]
[WhiteElo "2425"]
[BlackElo "2498"]
[PlyCount "77"]
[EventDate "2015.12.20"]

1. d4 d5 2. c4 e6 3. Nc3 Bb4 4. e3 c5 5. a3 Bxc3+ 6. bxc3 Nf6 7. cxd5 exd5 8.
Bd3 O-O 9. Ne2 b6 10. O-O Ba6 11. f3 Bxd3 12. Qxd3 Re8 13. Ng3 Nc6 14. Bb2 c4
15. Qd2 h5 16. Rae1 h4 17. Nh1 h3 18. Ng3 hxg2 19. Qxg2 Re6 20. e4 Ne7 21. e5
Nh7 22. f4 f5 23. a4 Qd7 24. Ba3 Rd8 25. Rb1 Rg6 26. Kh1 Re6 27. Rb5 Nf8 28.
Rg1 Neg6 29. Nxf5 a6 30. Rbb1 Qxa4 31. Ne7+ Kf7 32. f5 Qxa3 33. Nxg6 Rxg6 34.
fxg6+ Ke8 35. Qf3 Qe7 36. Rxb6 Ne6 37. Rxa6 Rd7 38. Ra8+ Nd8 39. Rf1 1-0

[Event "Qatar Masters Open 2015"]
[Site "Doha QAT"]
[Date "2015.12.26"]
[Round "6"]
[White "Hou, Yifan"]
[Black "Vignesh, N R."]
[Result "1/2-1/2"]
[WhiteElo "2683"]
[BlackElo "2422"]
[PlyCount "135"]
[EventDate "2015.12.20"]

1. e4 e5 2. Nf3 Nc6 3. Bb5 a6 4. Ba4 d6 5. c3 Bd7 6. d4 g6 7. O-O Bg7 8. h3 Nf6
9. Re1 O-O 10. Bc2 h6 11. Nbd2 Re8 12. Nf1 Nh5 13. a3 Nf4 14. Ng3 Qf6 15. Bxf4
exf4 16. Ne2 Rad8 17. Nc1 g5 18. Nd3 h5 19. Nh2 Qh6 20. Qf3 f5 21. h4 g4 22.
Qxf4 fxe4 23. Rxe4 Rxe4 24. Qxe4 Re8 25. Qf4 Re2 26. Bb3+ Kh8 27. Qf7 Ne7 28.
Nf1 Bf5 29. Ng3 Bg6 30. Qc4 Bxd3 31. Qxd3 Rxb2 32. Bc2 Bf6 33. Re1 Bxh4 34. Kh2
Bf6 35. Re6 Rxc2 36. Qxc2 h4 37. Ne4 Be5+ 38. dxe5 Qxe6 39. exd6 cxd6 40. Qd3
Qe5+ 41. g3 Nf5 42. Qc4 b5 43. Qc6 Kg7 44. Qd7+ Kg6 45. Qc6 Kg7 46. Qd7+ Kg6
47. Qc6 Ne7 48. Qxd6+ Qxd6 49. Nxd6 hxg3+ 50. fxg3 Nd5 51. c4 bxc4 52. Nxc4 Kf5
53. Kg2 Ke4 54. Nd6+ Ke5 55. Nf7+ Kd4 56. Nh6 Nf6 57. Kf2 Ne4+ 58. Kg2 Nf6 59.
Kf2 Kd3 60. a4 a5 61. Nf5 Ne4+ 62. Kg2 Kc3 63. Ne3 Nf6 64. Kf2 Kb3 65. Ke2 Kxa4
66. Nc4 Kb4 67. Nxa5 Kxa5 68. Ke3 1/2-1/2